000 01059nam a22002895i 4500
001 173744
003 ES-MaACL
005 20230906215331.0
008 100114s2009 sp |||| | spa d
020 _a978-84-9899-107-9
080 _a94(100)"1939/45"(084)
245 0 3 _aLa Segunda Guerra Mundial /
_cRobert Capa, Henri Cartier-Bresson, W. Eugene Smith, Yevgeni Khaldei, Lee Miller ; [redacción, Vicente Ponce, Joan Soriano].
260 _a[Madrid] :
_bPúblico,
_c2009.
300 _a[32] p. :
_bprincipalmente fot. col. y n. ;
_c27 cm.
490 1 _aMaestros de la fotografía ;
_v8
650 4 _aGuerra mundial, 1939-1945-
_vObras ilustradas.
_913245
700 1 _aCapa, Robert.
_934775
700 1 _aCartier-Bresson, Henri.
_935901
700 1 _aSmith, W. Eugene.
_9141942
700 1 _aKhaldei, Yevgeni.
_9141943
700 1 _aMiller, Lee.
_9141934
700 1 _aPonce, Vicente.
_9173428
700 1 _aSoriano, Joan.
_9173429
830 1 _aMaestros de la fotografía ;
_v8
_9189242
852 _aES-MaACL
_j2284-F-8
999 _c173744
_d173744